00358nam a2200121 a 450000500170000000800410001702000180005805000240007624500640010026000520016430000080021665000120022420140414132123.0131216s19uu xx 00 eng d a9788120749122 aM 398.2bIll29 2009 aIllustrated book of aesop's fables(The)= :bFabuloso esopo. aBarcelona, Spain :bParramon Ediciones,cc2009. a228 aFables-